000
00250nam a2200097Ia 4500
001
680164
005
20250826161336.0
008
250824s9999 xx 000 0 und d
245
0
_a
KİTAPKURDU KAFADARLAR
_c
JUDY DELTON
260
_b
GÜNIŞIĞI KİTAPLIĞI
999
_c
680164
_d
680164